| 000 | 01201nam0a22003011 4500 | ||
|---|---|---|---|
| 001 | v19\rc\1943448 | ||
| 005 | 20080428174509.2 | ||
| 035 | _a(NLR Aleph) 005053454 | ||
| 090 |
_a6919238 _c6919238 |
||
| 100 | _a20080428e19131913|||y0rusy50 ca | ||
| 101 | 0 | _arus | |
| 102 | _aRU | ||
| 105 | _ay z ||||| | ||
| 200 | 1 |
_aПоучение на неделю мясопустную _eПроизнесено в Казан. кафедр. Благовещ. соборе 17 февр. 1913 г. _f[Иером. Варсонофий] |
|
| 210 |
_aКазань _cЦентр. тип. _d1913 |
||
| 215 |
_a5 с. _d24 |
||
| 300 | _aАвт. указан в конце текста | ||
| 309 | _aБез тит. л. и обл. | ||
| 311 | _aОтт. из журн. "Православ. собеседник" | ||
| 488 | 0 | _12001#$aПравославный собеседник | |
| 700 | 0 |
_aВарсонофий _cЛузин, Александр Владимирович _f1884- |
|
| 790 | 1 |
_aЛузин _bА. В. _f1884- _gАлександр Владимирович |
|
| 801 | 0 |
_aRU _bNLR _gpsbo |
|
| 801 | 0 |
_aRU _bRuMoRGB _2psbo |
|
| 801 | 1 |
_aRU _bProSoft-M _2rusmarc |
|
| 852 |
_aNLR _j20.44.9.22 |
||
| 942 | _cBOOK | ||
| 980 | _aNB | ||